00517nam a2200133Ia 450000500170000000800410001702000150005808200130007310000180008624501230010426000420022730000160026950000980028520240625015221.0240331s9999 xx 000 0 und d a8290584180 a060bNOR aNorbye, O.D.K 0aDERAP's first 25 years :bThe history of the development action and reaseach programme at the chr.Michelsen institute aNorwaybChr.Michelsen Institutec1995 axii,105 p., aThe history of the Development Action and Research Programme at the Chr. Michelsen Institute.